• 首页
  • 本馆介绍
  • 公告通知
  • 最新文献
  • 馆藏检索
  • 电子资源
  • 读者导购
  • 参考咨询
  • 我的图书馆
  • 登录
  • 详细信息显示
  • 放入我的书架
  • 预约/预借图书
  • 作者相关作品
  • 分类相关作品
  • 丛书相关作品
  • 出版社相关作品

书目信息

  • 表格格式
  • 工作单格式
  • 卡片格式
题名:
西方肖像绘画艺术
    
 
作者: 张石森 , 刘慕 主编
分册:  
出版信息: 呼和浩特   远方出版社  2006.1
页数: 243页
开本: 20cm
丛书名: 世界美术全鉴
单 册:
中图分类: J211.25
科图分类:
主题词: 肖像画--鉴赏--西方国家
电子资源:
ISBN: 7-80723-082-7
000 00849nam0 2200253 450
001 1552894234
005 20170928091530.25
010    @a7-80723-082-7@dCNY30.00
100    @a20060109d2006 ekmy0chiy0120 ea
101 0  @achi
102    @aCN@b150000
105    @aa z 000yy
200 1  @a西方肖像绘画艺术@AXi Fang Xiao Xiang Hui Hua Yi Shu@f张石森,刘慕主编@FZhang Shi Sen, Liu Mu Zhu Bian
210    @a呼和浩特@c远方出版社@d2006.1
215    @a243页@c图@d20cm
225 2  @a世界美术全鉴@f张石森等主编
330    @a本书内容包括文艺复兴时期肖像画、欧洲17、18世纪肖像画、西方19世纪肖像绘画、现代西方肖像绘画。
410  0 @12001 @a世界美术全鉴
606 0  @a肖像画@x鉴赏@y西方国家
690    @aJ211.25@v4
701  0 @a张石森@AZhang Shi Sen@4主编
701  0 @a刘慕@ALiu Mu@4主编
801  0 @aCN@bTSSF@c20150118
905    @a10447@dJ211.25@eJY2
    
    西方肖像绘画艺术/张石森,刘慕主编.-呼和浩特:远方出版社,2006.1
    243页:图;20cm.-(世界美术全鉴/张石森等主编)
    
    
    ISBN 7-80723-082-7:CNY30.00
    本书内容包括文艺复兴时期肖像画、欧洲17、18世纪肖像画、西方19世纪肖像绘画、现代西方肖像绘画。
●
相关链接 在E读中查询图书 在五车中查询图书 在当当中查询图书 在豆瓣中查询图书


正题名:西方肖像绘画艺术     索取号:J211.25/JY2         预约/预借

序号 登录号 条形码 馆藏地/架位号 状态 备注
1 7848762   278487629   学院路分馆/ [索取号:J211.25/JY2] 在馆    
唐山师范学院图书馆 欢迎您!
大连网信软件有限公司© 版权所有